000 00935cam a2200253Ia 4500
001 47547
005 20230411085958.0
008 890913s1989 dr a 000 0 spa d
035 _a(OCoLC)ocm20336759
040 _aWIX
_cWIX
_dOCLCQ
041 _aspa
035 _a(OCoLC)20336759
043 _anwdr---
090 _a118 HD 1844
_bC737 1989
049 _aGRAL
245 0 0 _aCompendio de estudios sobre políticas agropecuarias en República Dominicana 1985-1988.
260 _a[Santo Domingo] :
_bUnidad de Estudios de Políticas Agropecuarias, Proyecto de Análisis de Política Agropecuaria, Consejo Nacional de Agricultura,
_c[1989]
300 _a2 v. (989 p.) :
_bill. ;
_c23 cm.
650 0 _aAgriculture and state
_zDominican Republic.
710 2 _aConsejo Nacional de Agricultura (Domincan Republic).
_bUnidad de Estudios de Política Agropecuaria.
942 _2lcc
_cbk
946 _aclperez
994 _aC0
_bDRFGD
999 _c110391
_d110391